000 00629nmm a2200217Ia 4500
008 251105s9999||||xx |||||||||||||||||und||
020 _a9788416396009
041 _aspa
100 _aJaeger, Sabine
245 0 _a¡Qué rico! :
_b Todo lo que hay que saber sobre la comida
264 _a[Madrid, España] :
_bSiruela,
_c2015
300 _a146 páginas
490 _aLas Tres Edades / Nos Gusta Saber
650 _aCooking
700 _aJaeger, Sabine
700 1 _a Schulz, Hermann
700 1 _a Mühle, Jörg
700 1 _a Condor, María
856 _uhttps://public.digitaliapublishing.com/a/44708
942 _cCF
999 _c67150
_d67150